000 00246nam a2200085Ia 4500
245 0 _aThe complete guide to natural sleep
100 _a BUCHMAN, Dian Dincin New York, 2003
_989611
942 _cBK
008 210817s9999 xx 000 0 und d
999 _c360363
_d360363